ბათუმის შოთა რუსთაველის სახელმწიფო უნივერსიტეტის ბიბლიოთეკა

საქართველოს ტყეები (ბიბ.ჩანაწერი № 44454)

000 -LEADER
fixed length control field 00823nam a2200229Ia 4500
001 - CONTROL NUMBER
control field 11223
003 - CONTROL NUMBER IDENTIFIER
control field GE_BSU
008 - FIXED-LENGTH DATA ELEMENTS--GENERAL INFORMATION
fixed length control field 181216s||||||||xx |||||||||||||| ||und||
040 ## - CATALOGING SOURCE
Transcribing agency GE_BSU
080 ## - UNIVERSAL DECIMAL CLASSIFICATION NUMBER
Universal Decimal Classification number 630(479.22)
100 ## - MAIN ENTRY--PERSONAL NAME
Personal name ქვაჩაკიძე, რევაზ
245 ## - TITLE STATEMENT
Title საქართველოს ტყეები
245 ## - TITLE STATEMENT
Remainder of title ძირითადი ასოციაციები (ტყის ტიპები)
245 ## - TITLE STATEMENT
Statement of responsibility, etc. რედ: მერაბ სვანიძე
260 ## - PUBLICATION, DISTRIBUTION, ETC.
Place of publication, distribution, etc. თბილისი.
260 ## - PUBLICATION, DISTRIBUTION, ETC.
Name of publisher, distributor, etc. მეცნიერება
260 ## - PUBLICATION, DISTRIBUTION, ETC.
Date of publication, distribution, etc. 2001
300 ## - PHYSICAL DESCRIPTION
Extent 168გვ.20სმ.
300 ## - PHYSICAL DESCRIPTION
Accompanying material რეზიუმე (ინგლისურ ენაზე) გვ.161
653 ## - INDEX TERM--UNCONTROLLED
Uncontrolled term საქართველოს ტყეები
942 ## - ADDED ENTRY ELEMENTS (KOHA)
Koha item type წიგნი
ეგზემპლარები
Withdrawn status Lost status Damaged status Not for loan Date acquired Barcode Date last seen Price effective from Koha item type
        2018-12-17 19595 2018-12-17 2018-12-17 წიგნი